[Event "DVM U16 2023"]
[Site "Magdeburg GER"]
[Date "2023.12.29"]
[Round "5"]
[White "Krüger, Arthur"]
[Black "von Beckh, Frieda"]
[Result "1-0"]
[Termination "normal"]
[Board "5.2"]
[WhiteElo "1886"]
[BlackElo "1656"]
[WhiteTeam "Hamburger SK 1830"]
[BlackTeam "SK Bad Homburg 1927"]
[PlyCount "73"]
[WhiteFideId "16244966"]
[BlackFideId "16233751"]
[EventCountry "GER"]
[EventRounds "7"]
[EventType "team-swiss"]
[EventDate "2023.12.26"]

1. d4 d5 2. Bf4 e6 3. e3 c5 4. c3 Bd6 5. Bg3 Qc7 6. Nf3 Nd7 7. Bd3 e5 8. dxe5
Nxe5 9. Nxe5 Bxe5 10. Bb5+ Kf8 11. Qxd5 Bxg3 12. hxg3 Be6 13. Qd2 Rd8 14. Qe2
Bd5 15. e4 a6 16. exd5 axb5 17. O-O c4 18. a4 bxa4 19. Rxa4 b5 20. Rb4 Rxd5 21.
Na3 Qd7 22. Nxc4 Qc7 23. Ne3 Re5 24. Rxb5 Nf6 25. Rxe5 Qxe5 26. Ra1 h5 27. Qc4
g5 28. Ra7 Rh7 29. b4 h4 30. Ra5 Qd6 31. Ra8+ Ne8 32. Rxe8+ Kxe8 33. Qe4+ Qe6
34. Qxh7 hxg3 35. Qg8+ Kd7 36. Qxg5 gxf2+ 37. Kxf2 1-0

[Event "DVM U16 2023"]
[Site "Magdeburg GER"]
[Date "2023.12.29"]
[Round "5"]
[White "Pichl, Christoph"]
[Black "Tietz, Bennit"]
[Result "1-0"]
[Termination "normal"]
[Board "5.3"]
[WhiteElo "1680"]
[BlackElo "1793"]
[WhiteClock "00:00:39"]
[BlackClock "00:26:23"]
[WhiteTeam "SK Bad Homburg 1927"]
[BlackTeam "Hamburger SK 1830"]
[PlyCount "80"]
[WhiteFideId "16249739"]
[BlackFideId "16286936"]
[EventCountry "GER"]
[EventRounds "7"]
[EventType "team-swiss"]
[EventDate "2023.12.26"]

1. d4 {[%clk 01:30:57]} {[%emt 00:00:02]} d5 {[%clk 01:30:54]} {[%emt
00:00:06]} 2. c4 {[%clk 01:31:24]} {[%emt 00:00:03]} e6 {[%clk 01:31:19]}
{[%emt 00:00:05]} 3. Nf3 {[%clk 01:31:46]} {[%emt 00:00:08]} Nf6 {[%clk
01:31:36]} {[%emt 00:00:12]} 4. Nc3 {[%clk 01:31:53]} {[%emt 00:00:23]} Bb4
{[%clk 01:28:39]} {[%emt 00:03:28]} 5. cxd5 {[%clk 01:31:23]} {[%emt 00:01:00]}
exd5 {[%clk 01:24:25]} {[%emt 00:04:44]} 6. Bg5 {[%clk 01:30:04]} {[%emt
00:01:48]} h6 {[%clk 01:21:56]} {[%emt 00:03:00]} 7. Bh4 {[%clk 01:30:27]}
{[%emt 00:00:07]} c6 {[%clk 01:19:40]} {[%emt 00:02:46]} 8. Qc2 {[%clk
01:25:41]} {[%emt 00:05:16]} O-O {[%clk 01:17:41]} {[%emt 00:02:29]} 9. e3
{[%clk 01:22:00]} {[%emt 00:04:11]} g5 {[%clk 01:16:39]} {[%emt 00:01:32]} 10.
Bg3 {[%clk 01:18:22]} {[%emt 00:04:08]} Ne4 {[%clk 01:15:46]} {[%emt 00:01:24]}
11. Nd2 {[%clk 01:07:38]} {[%emt 00:11:14]} Bf5 {[%clk 01:11:05]} {[%emt
00:05:10]} 12. Bd3 {[%clk 01:07:30]} {[%emt 00:00:37]} Re8 {[%clk 01:06:50]}
{[%emt 00:04:45]} 13. Ndxe4 {[%clk 00:54:10]} {[%emt 00:13:49]} Bxe4 {[%clk
01:00:41]} {[%emt 00:06:40]} 14. f3 {[%clk 00:50:26]} {[%emt 00:04:14]} Bxd3
{[%clk 00:59:09]} {[%emt 00:02:02]} 15. Qxd3 {[%clk 00:49:29]} {[%emt
00:01:27]} c5 {[%clk 00:57:57]} {[%emt 00:01:42]} 16. Kf2 {[%clk 00:34:52]}
{[%emt 00:15:08]} Nc6 {[%clk 00:43:55]} {[%emt 00:14:32]} 17. Nb5 {[%clk
00:16:23]} {[%emt 00:18:59]} Qb6 {[%clk 00:34:20]} {[%emt 00:10:04]} 18. Nc7
{[%clk 00:13:28]} {[%emt 00:03:25]} cxd4 {[%clk 00:29:26]} {[%emt 00:05:23]}
19. e4 {[%clk 00:09:57]} {[%emt 00:04:01]} Bc5 {[%clk 00:23:37]} {[%emt
00:06:20]} 20. Qb3 {[%clk 00:01:32]} {[%emt 00:08:54]} dxe4 {[%clk 00:06:36]}
{[%emt 00:17:31]} 21. Qxb6 {[%clk 00:00:36]} {[%emt 00:01:26]} e3+ {[%clk
00:06:36]} {[%emt 00:00:30]} 22. Ke2 {[%clk 00:01:00]} {[%emt 00:00:06]} axb6
{[%clk 00:01:57]} {[%emt 00:05:09]} 23. Nxa8 {[%clk 00:01:07]} {[%emt
00:00:22]} Rxa8 {[%clk 00:02:04]} {[%emt 00:00:23]} 24. a3 {[%clk 00:00:52]}
{[%emt 00:00:46]} f5 {[%clk 00:01:06]} {[%emt 00:01:29]} 25. f4 {[%clk
00:00:47]} {[%emt 00:00:34]} b5 {[%clk 00:01:02]} {[%emt 00:00:34]} 26. Rhc1
{[%clk 00:00:50]} {[%emt 00:00:27]} Bb6 {[%clk 00:01:15]} {[%emt 00:00:16]} 27.
b4 {[%clk 00:00:44]} {[%emt 00:00:37]} Kf7 {[%clk 00:01:25]} {[%emt 00:00:19]}
28. fxg5 {[%clk 00:00:48]} {[%emt 00:00:28]} hxg5 {[%emt 00:00:03]} 29. Bd6
{[%clk 00:01:10]} {[%emt 00:00:06]} d3+ {[%clk 00:01:17]} {[%emt 00:01:06]} 30.
Kxd3 {[%clk 00:00:33]} {[%emt 00:01:06]} Rd8 {[%clk 00:01:37]} {[%emt
00:00:09]} 31. Ke2 {[%clk 00:00:32]} {[%emt 00:00:33]} Rxd6 {[%clk 00:02:05]}
{[%emt 00:00:02]} 32. Rd1 {[%clk 00:00:41]} {[%emt 00:00:21]} Ke6 {[%clk
00:01:00]} {[%emt 00:01:35]} 33. Rxd6+ {[%clk 00:00:41]} {[%emt 00:00:29]} Kxd6
{[%clk 00:01:28]} {[%emt 00:00:02]} 34. Rd1+ {[%clk 00:00:59]} {[%emt
00:00:13]} Ke5 {[%clk 00:01:57]} {[%emt 00:00:02]} 35. Rd7 {[%clk 00:00:40]}
{[%emt 00:00:48]} f4 {[%clk 00:00:57]} {[%emt 00:01:30]} 36. Rxb7 {[%clk
00:00:53]} {[%emt 00:00:16]} Nd4+ {[%clk 00:01:10]} {[%emt 00:00:17]} 37. Ke1
{[%clk 00:01:06]} {[%emt 00:00:17]} Bd8 {[%clk 00:01:34]} {[%emt 00:00:06]} 38.
Rd7 {[%clk 00:00:58]} {[%emt 00:00:38]} Bf6 {[%clk 00:01:28]} {[%emt 00:00:36]}
39. h3 {[%clk 00:01:01]} {[%emt 00:00:28]} g4 {[%clk 00:00:49]} {[%emt
00:01:10]} 40. Rh7 {[%clk 00:00:39]} {[%emt 00:00:51]} f3 {[%clk 00:26:23]}
{[%emt 00:05:32]} 1-0

[Event "DVM U16 2023"]
[Site "Magdeburg GER"]
[Date "2023.12.29"]
[Round "5"]
[White "Malchereck, Zion"]
[Black "Rotärmel, Leonie"]
[Result "1-0"]
[Termination "normal"]
[Board "5.4"]
[WhiteElo "1792"]
[BlackElo "1512"]
[WhiteTeam "Hamburger SK 1830"]
[BlackTeam "SK Bad Homburg 1927"]
[PlyCount "77"]
[WhiteFideId "16269233"]
[BlackFideId "16281390"]
[EventCountry "GER"]
[EventRounds "7"]
[EventType "team-swiss"]
[EventDate "2023.12.26"]

1. e4 e6 2. d4 d5 3. e5 c5 4. c3 Nc6 5. Nf3 Qb6 6. a3 c4 7. Be2 Bd7 8. O-O Nge7
9. Nbd2 Na5 10. a4 Ng6 11. g3 Be7 12. Kg2 Bc6 13. h4 Nf8 14. Qc2 Nd7 15. Ng5 h6
16. Nxf7 Kxf7 17. Bh5+ Kf8 18. Qg6 Nxe5 19. dxe5 Be8 20. Qg4 Bxh5 21. Qxh5 Nb3
22. Nxb3 Qxb3 23. Qg6 Qb6 24. f4 Kg8 25. f5 exf5 26. Qxb6 axb6 27. Rxf5 g6 28.
Rf1 b5 29. a5 Kg7 30. Be3 Rhf8 31. Bb6 Rxf1 32. Rxf1 Bd8 33. e6 Bxb6 34. Rf7+
Kg8 35. axb6 Re8 36. Rxb7 Rxe6 37. Rb8+ Kf7 38. b7 Rb6 39. Rh8 1-0

[Event "DVM U16 2023"]
[Site "Magdeburg GER"]
[Date "2023.12.29"]
[Round "5"]
[White "Burns, Mikala Tristan"]
[Black "Trunz, Michelle"]
[Result "1/2-1/2"]
[Termination "normal"]
[Board "6.1"]
[WhiteElo "1819"]
[BlackElo "2024"]
[WhiteClock "00:24:04"]
[BlackClock "00:35:46"]
[WhiteTeam "SG Grün-Weiß Dresden"]
[BlackTeam "SG Porz"]
[PlyCount "93"]
[WhiteFideId "16288459"]
[BlackFideId "16227980"]
[EventCountry "GER"]
[EventRounds "7"]
[EventType "team-swiss"]
[EventDate "2023.12.26"]

1. e4 {[%clk 01:30:58]} {[%emt 00:00:01]} c5 {[%clk 01:30:57]} {[%emt
00:00:04]} 2. Nf3 {[%clk 01:31:23]} {[%emt 00:00:05]} Nf6 {[%clk 01:31:22]}
{[%emt 00:00:05]} 3. e5 {[%clk 01:31:02]} {[%emt 00:00:51]} Nd5 {[%clk
01:31:48]} {[%emt 00:00:04]} 4. d4 {[%clk 01:31:20]} {[%emt 00:00:11]} cxd4
{[%clk 01:32:09]} {[%emt 00:00:09]} 5. Qxd4 {[%clk 01:31:45]} {[%emt 00:00:05]}
e6 {[%clk 01:32:35]} {[%emt 00:00:05]} 6. Be2 {[%clk 01:26:36]} {[%emt
00:05:38]} Nc6 {[%clk 01:32:43]} {[%emt 00:00:22]} 7. Qe4 {[%clk 01:20:40]}
{[%emt 00:06:26]} d6 {[%clk 01:23:57]} {[%emt 00:09:16]} 8. exd6 {[%clk
01:20:04]} {[%emt 00:01:06]} Bxd6 {[%clk 01:24:20]} {[%emt 00:00:07]} 9. O-O
{[%clk 01:19:44]} {[%emt 00:00:49]} O-O {[%clk 01:24:21]} {[%emt 00:00:30]} 10.
c4 {[%clk 01:17:02]} {[%emt 00:03:12]} f5 {[%clk 01:22:46]} {[%emt 00:02:05]}
11. Qc2 {[%clk 01:14:41]} {[%emt 00:02:51]} Nf4 {[%clk 01:17:37]} {[%emt
00:05:40]} 12. Bxf4 {[%clk 01:13:04]} {[%emt 00:02:07]} Bxf4 {[%clk 01:18:02]}
{[%emt 00:00:04]} 13. Nc3 {[%clk 01:09:40]} {[%emt 00:03:54]} Bd7 {[%clk
01:16:16]} {[%emt 00:02:16]} 14. Rad1 {[%clk 01:03:13]} {[%emt 00:06:56]} Qe7
{[%clk 01:15:33]} {[%emt 00:01:14]} 15. Rfe1 {[%clk 01:02:00]} {[%emt
00:01:42]} Be8 {[%clk 01:05:13]} {[%emt 00:10:50]} 16. Bf1 {[%clk 00:54:05]}
{[%emt 00:08:25]} Qf6 {[%clk 01:00:44]} {[%emt 00:05:00]} 17. Ne2 {[%clk
00:36:30]} {[%emt 00:18:04]} Bc7 {[%clk 00:58:09]} {[%emt 00:03:04]} 18. Qb3
{[%clk 00:21:32]} {[%emt 00:15:27]} Ba5 {[%clk 00:54:04]} {[%emt 00:04:35]} 19.
Nc3 {[%clk 00:17:13]} {[%emt 00:04:49]} Bxc3 {[%clk 00:41:40]} {[%emt
00:12:54]} 20. Qxc3 {[%clk 00:15:54]} {[%emt 00:01:50]} Qxc3 {[%clk 00:42:00]}
{[%emt 00:00:10]} 21. bxc3 {[%clk 00:16:19]} {[%emt 00:00:04]} Rf6 {[%clk
00:39:20]} {[%emt 00:03:10]} 22. Ne5 {[%clk 00:13:29]} {[%emt 00:03:20]} Nxe5
{[%clk 00:38:58]} {[%emt 00:00:53]} 23. Rxe5 {[%clk 00:13:53]} {[%emt
00:00:06]} Bc6 {[%clk 00:38:48]} {[%emt 00:00:40]} 24. f4 {[%clk 00:13:19]}
{[%emt 00:01:03]} h6 {[%clk 00:37:52]} {[%emt 00:01:27]} 25. h4 {[%clk
00:11:33]} {[%emt 00:02:16]} Kf8 {[%clk 00:32:07]} {[%emt 00:06:15]} 26. Kf2
{[%clk 00:07:57]} {[%emt 00:04:06]} Ke7 {[%clk 00:30:04]} {[%emt 00:02:33]} 27.
c5 {[%clk 00:07:01]} {[%emt 00:01:27]} Rd8 {[%clk 00:30:01]} {[%emt 00:00:33]}
28. Rxd8 {[%clk 00:07:02]} {[%emt 00:00:28]} Kxd8 {[%clk 00:30:30]} {[%emt
00:00:01]} 29. Bc4 {[%clk 00:07:21]} {[%emt 00:00:12]} Ke7 {[%clk 00:28:24]}
{[%emt 00:02:36]} 30. g3 {[%clk 00:07:05]} {[%emt 00:00:46]} Bd7 {[%clk
00:27:27]} {[%emt 00:01:27]} 31. Bd5 {[%clk 00:06:14]} {[%emt 00:01:21]} Bc8
{[%clk 00:25:00]} {[%emt 00:02:56]} 32. c6 {[%clk 00:04:57]} {[%emt 00:01:47]}
b6 {[%clk 00:24:30]} {[%emt 00:01:01]} 33. Bf3 {[%clk 00:03:48]} {[%emt
00:01:38]} Rf8 {[%clk 00:24:02]} {[%emt 00:00:58]} 34. Ke3 {[%clk 00:02:49]}
{[%emt 00:01:29]} Rd8 {[%clk 00:23:18]} {[%emt 00:01:14]} 35. g4 {[%clk
00:02:11]} {[%emt 00:01:09]} fxg4 {[%clk 00:18:41]} {[%emt 00:05:07]} 36. Bxg4
{[%clk 00:02:21]} {[%emt 00:00:20]} Kd6 {[%clk 00:17:50]} {[%emt 00:01:21]} 37.
Bf3 {[%clk 00:01:54]} {[%emt 00:00:57]} Ba6 {[%clk 00:16:26]} {[%emt 00:01:54]}
38. Re4 {[%clk 00:01:32]} {[%emt 00:00:52]} Ke7 {[%clk 00:12:03]} {[%emt
00:04:52]} 39. Rd4 {[%clk 00:01:20]} {[%emt 00:00:43]} Rxd4 {[%clk 00:12:04]}
{[%emt 00:00:29]} 40. Kxd4 {[%clk 00:01:30]} {[%emt 00:00:20]} Kd6 {[%clk
00:12:00]} {[%emt 00:00:33]} 41. c4 {[%clk 00:00:47]} {[%emt 00:01:13]} Bc8
{[%clk 00:07:16]} {[%emt 00:05:14]} 42. Be4 {[%clk 00:29:42]} {[%emt 00:01:35]}
a5 {[%clk 00:35:17]} {[%emt 00:02:30]} 43. a3 {[%clk 00:29:04]} {[%emt
00:00:38]} Ba6 {[%clk 00:35:22]} {[%emt 00:00:25]} 44. a4 {[%clk 00:29:29]}
{[%emt 00:00:34]} Bc8 {[%clk 00:35:34]} {[%emt 00:00:18]} 45. Bf3 {[%clk
00:25:16]} {[%emt 00:04:44]} Ba6 {[%clk 00:35:41]} {[%emt 00:00:22]} 46. Be4
{[%clk 00:23:53]} {[%emt 00:01:53]} Bc8 {[%clk 00:35:46]} {[%emt 00:00:25]} 47.
Bf3 {[%clk 00:24:04]} {[%emt 00:00:18]} 1/2-1/2

[Event "DVM U16 2023"]
[Site "Magdeburg GER"]
[Date "2023.12.29"]
[Round "5"]
[White "Holzwarth, Felix"]
[Black "Radeke, Timothy"]
[Result "0-1"]
[Termination "normal"]
[Board "6.2"]
[WhiteElo "1774"]
[BlackElo "1504"]
[WhiteClock "00:27:05"]
[BlackClock "00:56:02"]
[WhiteTeam "SG Porz"]
[BlackTeam "SG Grün-Weiß Dresden"]
[PlyCount "113"]
[WhiteFideId "34621377"]
[BlackFideId "16289412"]
[EventCountry "GER"]
[EventRounds "7"]
[EventType "team-swiss"]
[EventDate "2023.12.26"]

1. e4 {[%clk 01:30:57]} {[%emt 00:00:02]} e5 {[%clk 01:30:54]} {[%emt
00:00:06]} 2. Nf3 {[%clk 01:31:22]} {[%emt 00:00:04]} Nc6 {[%clk 01:31:19]}
{[%emt 00:00:05]} 3. Bc4 {[%clk 01:31:48]} {[%emt 00:00:05]} Bc5 {[%clk
01:31:41]} {[%emt 00:00:08]} 4. O-O {[%clk 01:32:12]} {[%emt 00:00:05]} d6
{[%clk 01:31:32]} {[%emt 00:00:40]} 5. c3 {[%clk 01:31:23]} {[%emt 00:01:19]}
Nf6 {[%clk 01:30:00]} {[%emt 00:02:02]} 6. b4 {[%clk 01:21:18]} {[%emt
00:10:34]} Bb6 {[%clk 01:30:10]} {[%emt 00:00:20]} 7. Qb3 {[%clk 01:18:26]}
{[%emt 00:03:23]} O-O {[%clk 01:27:18]} {[%emt 00:03:21]} 8. d3 {[%clk
01:17:29]} {[%emt 00:01:27]} a5 {[%clk 01:26:15]} {[%emt 00:01:34]} 9. Be3
{[%clk 01:16:52]} {[%emt 00:01:07]} Bxe3 {[%clk 01:22:10]} {[%emt 00:04:35]}
10. fxe3 {[%clk 01:17:20]} {[%emt 00:00:02]} Ng4 {[%clk 01:20:10]} {[%emt
00:02:30]} 11. Bxf7+ {[%clk 01:01:17]} {[%emt 00:16:33]} Kh8 {[%clk 01:19:08]}
{[%emt 00:01:31]} 12. Re1 {[%clk 00:59:16]} {[%emt 00:02:32]} a4 {[%clk
01:10:44]} {[%emt 00:08:54]} 13. Qc4 {[%clk 00:59:31]} {[%emt 00:00:15]} Qe7
{[%clk 01:09:22]} {[%emt 00:01:53]} 14. Bd5 {[%clk 00:58:32]} {[%emt 00:01:29]}
Rxf3 {[%clk 00:58:01]} {[%emt 00:11:51]} 15. gxf3 {[%clk 00:58:49]} {[%emt
00:00:14]} Qg5 {[%clk 00:58:18]} {[%emt 00:00:12]} 16. h4 {[%clk 00:31:48]}
{[%emt 00:27:31]} Qxh4 {[%clk 00:57:46]} {[%emt 00:01:02]} 17. Re2 {[%clk
00:32:11]} {[%emt 00:00:07]} Qg3+ {[%clk 00:57:54]} {[%emt 00:00:22]} 18. Kf1
{[%clk 00:32:33]} {[%emt 00:00:08]} Qxf3+ {[%clk 00:55:16]} {[%emt 00:03:09]}
19. Ke1 {[%clk 00:32:57]} {[%emt 00:00:06]} Nxe3 {[%clk 00:55:27]} {[%emt
00:00:19]} 20. Rxe3 {[%clk 00:26:24]} {[%emt 00:07:04]} Qxe3+ {[%clk 00:55:50]}
{[%emt 00:00:07]} 21. Kd1 {[%clk 00:26:44]} {[%emt 00:00:10]} Bg4+ {[%clk
00:56:09]} {[%emt 00:00:10]} 22. Kc2 {[%clk 00:27:05]} {[%emt 00:00:09]} Rf8
{[%clk 00:56:02]} {[%emt 00:00:36]} 23. Kb2 Rf2+ 24. Ka3 Bd1 25. Nd2 Rxd2 26.
Rxd1 Rxd1 27. Bxc6 bxc6 28. Qf7 h6 29. Qf8+ Kh7 30. Qf5+ Kg8 31. Qe6+ Kf8 32.
Qc8+ Kf7 33. Qd7+ Kf6 34. Qd8+ Kg6 35. Qe8+ Kh7 36. Qf7 Qg5 37. Qxc7 Rxd3 38.
Qxc6 Qc1+ 39. Kxa4 Qxc3 40. Qd7 Qc2+ 41. Kb5 Qf2 42. a4 Qf6 43. Qc6 Rc3 44. Qd5
Qf1+ 45. Ka5 Qf8 46. b5 Rc5 47. Qb7 h5 48. Ka6 Qc8 49. Qxc8 Rxc8 50. b6 Rc1 51.
b7 Rb1 52. Ka7 h4 53. b8=Q Rxb8 54. Kxb8 h3 55. a5 h2 56. a6 h1=Q 57. a7 Qxe4
0-1

[Event "DVM U16 2023"]
[Site "Magdeburg GER"]
[Date "2023.12.29"]
[Round "5"]
[White "Seymer, Adam"]
[Black "Aravindan, Midhulan"]
[Result "0-1"]
[Termination "normal"]
[Board "6.3"]
[WhiteElo "1694"]
[BlackElo "1704"]
[WhiteClock "01:24:23"]
[BlackClock "01:21:00"]
[WhiteTeam "SG Grün-Weiß Dresden"]
[BlackTeam "SG Porz"]
[PlyCount "32"]
[WhiteFideId "34651802"]
[BlackFideId "16237250"]
[EventCountry "GER"]
[EventRounds "7"]
[EventType "team-swiss"]
[EventDate "2023.12.26"]

1. e4 {[%clk 01:30:58]} {[%emt 00:00:01]} e6 {[%clk 01:30:55]} {[%emt
00:00:06]} 2. d4 {[%clk 01:31:18]} {[%emt 00:00:09]} d5 {[%clk 01:31:17]}
{[%emt 00:00:08]} 3. Nc3 {[%clk 01:31:41]} {[%emt 00:00:06]} Nf6 {[%clk
01:31:42]} {[%emt 00:00:06]} 4. e5 {[%clk 01:31:59]} {[%emt 00:00:11]} Nfd7
{[%clk 01:32:01]} {[%emt 00:00:11]} 5. f4 {[%clk 01:32:17]} {[%emt 00:00:12]}
c5 {[%clk 01:32:18]} {[%emt 00:00:13]} 6. Nf3 {[%clk 01:32:34]} {[%emt
00:00:13]} a6 {[%clk 01:32:36]} {[%emt 00:00:12]} 7. Be3 {[%clk 01:32:11]}
{[%emt 00:00:52]} Nc6 {[%clk 01:32:49]} {[%emt 00:00:17]} 8. Qd2 {[%clk
01:32:20]} {[%emt 00:00:20]} Be7 {[%clk 01:32:52]} {[%emt 00:00:28]} 9. Be2
{[%clk 01:28:42]} {[%emt 00:04:08]} b5 {[%clk 01:32:28]} {[%emt 00:00:54]} 10.
a3 {[%clk 01:26:15]} {[%emt 00:02:57]} h6 {[%clk 01:23:30]} {[%emt 00:09:29]}
11. dxc5 {[%clk 01:23:22]} {[%emt 00:03:23]} Nxc5 {[%clk 01:22:52]} {[%emt
00:01:08]} 12. O-O-O {[%clk 01:23:38]} {[%emt 00:00:14]} b4 {[%clk 01:21:58]}
{[%emt 00:01:24]} 13. axb4 {[%clk 01:23:59]} {[%emt 00:00:09]} Nxb4 {[%clk
01:21:55]} {[%emt 00:00:32]} 14. g4 {[%clk 01:24:18]} {[%emt 00:00:12]} Qa5
{[%clk 01:21:37]} {[%emt 00:00:48]} 15. Kb1 {[%clk 01:24:35]} {[%emt 00:00:13]}
Ne4 {[%clk 01:21:22]} {[%emt 00:00:46]} 16. Qd3 {[%clk 01:24:23]} {[%emt
00:00:41]} Nxd3 {[%clk 01:21:00]} {[%emt 00:00:52]} 0-1

[Event "DVM U16 2023"]
[Site "Magdeburg GER"]
[Date "2023.12.29"]
[Round "5"]
[White "Wegener, Moritz"]
[Black "Koltyhin, Heorhii"]
[Result "1/2-1/2"]
[Termination "normal"]
[Board "6.4"]
[WhiteElo "1242"]
[BlackElo "1502"]
[WhiteClock "00:02:05"]
[BlackClock "00:17:32"]
[WhiteTeam "SG Porz"]
[BlackTeam "SG Grün-Weiß Dresden"]
[PlyCount "79"]
[WhiteFideId "16298080"]
[BlackFideId "34127780"]
[EventCountry "GER"]
[EventRounds "7"]
[EventType "team-swiss"]
[EventDate "2023.12.26"]

1. c4 {[%clk 01:30:57]} {[%emt 00:00:02]} f5 {[%clk 01:30:43]} {[%emt
00:00:18]} 2. g3 {[%clk 01:31:16]} {[%emt 00:00:11]} Nf6 {[%clk 01:30:55]}
{[%emt 00:00:18]} 3. Bg2 {[%clk 01:31:35]} {[%emt 00:00:11]} e6 {[%clk
01:31:17]} {[%emt 00:00:08]} 4. Nc3 {[%clk 01:31:06]} {[%emt 00:00:59]} d5
{[%clk 01:30:42]} {[%emt 00:01:05]} 5. cxd5 {[%clk 01:29:14]} {[%emt 00:02:22]}
exd5 {[%clk 01:31:04]} {[%emt 00:00:08]} 6. Nf3 {[%clk 01:26:40]} {[%emt
00:03:02]} c6 {[%clk 01:30:24]} {[%emt 00:01:09]} 7. d4 {[%clk 01:25:45]}
{[%emt 00:01:26]} Bd6 {[%clk 01:30:06]} {[%emt 00:00:46]} 8. O-O {[%clk
01:24:54]} {[%emt 00:01:22]} O-O {[%clk 01:28:41]} {[%emt 00:01:55]} 9. Qc2
{[%clk 01:22:34]} {[%emt 00:02:51]} Qc7 {[%clk 01:27:53]} {[%emt 00:01:13]} 10.
e3 {[%clk 01:21:11]} {[%emt 00:01:58]} Ne4 {[%clk 01:25:00]} {[%emt 00:03:21]}
11. Bd2 {[%clk 01:19:21]} {[%emt 00:02:21]} Be6 {[%clk 01:19:14]} {[%emt
00:06:16]} 12. Rac1 {[%clk 01:18:51]} {[%emt 00:01:01]} Na6 {[%clk 01:17:54]}
{[%emt 00:01:48]} 13. a3 {[%clk 01:18:02]} {[%emt 00:01:21]} Rac8 {[%clk
01:16:05]} {[%emt 00:02:17]} 14. b4 {[%clk 01:13:51]} {[%emt 00:04:43]} Qe7
{[%clk 01:08:30]} {[%emt 00:08:02]} 15. Ne1 {[%clk 00:58:11]} {[%emt 00:16:12]}
Nc7 {[%clk 01:05:32]} {[%emt 00:03:24]} 16. f3 {[%clk 00:55:11]} {[%emt
00:03:34]} Nxc3 {[%clk 00:56:15]} {[%emt 00:09:47]} 17. Bxc3 {[%clk 00:53:30]}
{[%emt 00:02:12]} Nb5 {[%clk 00:54:51]} {[%emt 00:01:54]} 18. Qb2 {[%clk
00:50:15]} {[%emt 00:03:44]} Bb8 {[%clk 00:49:16]} {[%emt 00:06:03]} 19. Nd3
{[%clk 00:45:58]} {[%emt 00:04:50]} Nd6 {[%clk 00:47:45]} {[%emt 00:01:59]} 20.
Ne5 {[%clk 00:45:32]} {[%emt 00:00:58]} Qg5 {[%clk 00:46:50]} {[%emt 00:01:21]}
21. Bd2 {[%clk 00:43:50]} {[%emt 00:02:15]} Qh5 {[%clk 00:37:18]} {[%emt
00:09:59]} 22. f4 {[%clk 00:41:39]} {[%emt 00:02:44]} Ne4 {[%clk 00:36:58]}
{[%emt 00:00:49]} 23. Bf3 {[%clk 00:37:38]} {[%emt 00:04:33]} Qe8 {[%clk
00:36:02]} {[%emt 00:01:25]} 24. a4 {[%clk 00:32:53]} {[%emt 00:05:17]} Bxe5
{[%clk 00:32:36]} {[%emt 00:03:55]} 25. dxe5 {[%clk 00:31:26]} {[%emt
00:01:59]} h5 {[%clk 00:32:08]} {[%emt 00:00:56]} 26. Be1 {[%clk 00:27:39]}
{[%emt 00:04:18]} Qg6 {[%clk 00:31:40]} {[%emt 00:00:55]} 27. Qe2 {[%clk
00:23:37]} {[%emt 00:04:34]} Bf7 {[%clk 00:30:52]} {[%emt 00:01:16]} 28. Bxe4
{[%clk 00:20:05]} {[%emt 00:04:05]} fxe4 {[%clk 00:31:01]} {[%emt 00:00:20]}
29. f5 {[%clk 00:17:51]} {[%emt 00:02:45]} Qg5 {[%clk 00:31:09]} {[%emt
00:00:20]} 30. h4 {[%clk 00:17:06]} {[%emt 00:01:17]} Qh6 {[%clk 00:30:46]}
{[%emt 00:00:51]} 31. f6 {[%clk 00:05:34]} {[%emt 00:12:03]} gxf6 {[%clk
00:30:13]} {[%emt 00:01:02]} 32. Rxf6 {[%clk 00:04:43]} {[%emt 00:01:22]} Bg6
{[%clk 00:30:12]} {[%emt 00:00:29]} 33. Bc3 {[%emt 00:00:44]} Qh7 {[%clk
00:28:14]} {[%emt 00:02:25]} 34. Rcf1 {[%clk 00:04:07]} {[%emt 00:00:57]} Rxf6
{[%clk 00:27:28]} {[%emt 00:01:16]} 35. Rxf6 {[%clk 00:04:16]} {[%emt
00:00:22]} Bf5 {[%clk 00:27:10]} {[%emt 00:00:46]} 36. e6 {[%clk 00:01:48]}
{[%emt 00:02:59]} Rf8 {[%clk 00:17:10]} {[%emt 00:10:29]} 37. Rxf8+ {[%clk
00:01:10]} {[%emt 00:01:09]} Kxf8 {[%clk 00:17:33]} {[%emt 00:00:07]} 38. Qf2
{[%clk 00:01:26]} {[%emt 00:00:14]} Ke7 {[%clk 00:17:43]} {[%emt 00:00:19]} 39.
Qf4 {[%clk 00:01:41]} {[%emt 00:00:15]} Kxe6 {[%clk 00:17:32]} {[%emt
00:00:41]} 40. Qe5+ {[%clk 00:02:05]} {[%emt 00:00:07]} 1/2-1/2